Podaj nazwę jednego z państw graniczących z danym morzem - Statystyki

Ogólne statystyki
  • Ten quiz został rozwiązany 28 720 razy
  • Średni wynik to 11 z 17
Statystyki odpowiedzi
Morze Kraj, z którym graniczy % Poprawnych
Bałtyckie Dania | Estonia | Finlandia | Niemcy | Łotwa | Litwa | Polska | Rosja | Szwecja
100%
Północne Belgia| Dania | Francja | Niemcy | Holandia | Norwegia | Wielka Brytania
92%
Karaibskie Kuba | Haiti | Meksyk | Wenezuela | +17 innych
89%
Czarne Bułgaria | Gruzja | Rumunia | Rosja | Turcja | Ukraina
88%
Arabskie Indie | Oman | Pakistan | Somalia | Jemen | Iran
85%
Czerwone Egipt | Dżibuti | Erytrea | Izrael | Jordania | Arabia Saudyjska | Sudan | Jemen
76%
Żółte Chiny | Korea Północna | Korea Południowa
74%
Adriatyckie Albania | Bośnia i Hercegowina | Chorwacja | Włochy | Czarnogóra | Słowenia
69%
Kaspijskie Azerbejdżan | Iran | Kazachstan | Rosja | Turkmenistan
69%
Egejskie Grecja | Turcja
63%
Beringa Rosja | Stany Zjednoczone
63%
Wschodnie * Japonia | Korea Północna | Rosja | Korea Południowa
58%
Koralowe Australia | Papua Nowa Gwinea | Wyspy Salomona | Vanuatu
56%
Tasmana Australia | Nowa Zelandia
55%
Martwe Izrael | Jordania
54%
Andamańskie Indie | Indonezja | Malezja | Mjanma | Tajlandia
23%
Lakkadiwskie Indie | Malediwy | Sri Lanka
22%
Nie znaleziono quizów pasujących do podanych kryteriów
Rozkład punktacji
Procent ludzi z każdym wynikiem
Percentyl według liczby udzielonych odpowiedzi
Twoja historia wyników
Nie rozwiązałeś tego quizu